Pokémon - Spéciaux - Statistiques

Statistiques générales
  • Ce quiz a été pris 26 fois
  • Le résultat moyen est 76 sur 135
Statistiques - réponses
type 1 type 2 Réponse % Correct
378 Glace Regice
100%
144 Glace Vol Artikodin
93%
145 Électrik Vol Électhor
93%
244 Feu Entei
93%
250 Feu Vol Ho-oh
93%
249 Psy Vol Lugia
93%
151 Psy Mew
93%
150 Psy Mewtwo
93%
243 Électrik Raikou
93%
377 Roche Regirock
93%
245 Eau Suicune
93%
146 Feu Vol Sulfura
93%
641 Vol Boréas
79%
482 Psy Créfadet
79%
480 Psy Créhelf
79%
645 Sol Vol Démétèros
79%
483 Acier Dragon Dialga
79%
487 Spectre Dragon Giratina
79%
383 Sol Groudon
79%
382 Eau Kyogre
79%
646 Dragon Glace Kyurem
79%
380 Dragon Psy Latias
79%
381 Dragon Psy Latios
79%
484 Eau Dragon Palkia
79%
384 Dragon Vol Rayquaza
79%
251 Psy Plante Celebi
71%
638 Acier Combat Cobaltium
71%
481 Psy Créfollet
71%
488 Psy Cresselia
71%
485 Feu Acier Heatran
71%
486 Normal Regigigas
71%
643 Dragon Feu Reshiram
71%
492 Plante (Vol) Shaymin
71%
639 Roche Combat Terrakium
71%
640 Plante Combat Viridium
71%
716 Fée Xerneas
71%
717 Ténèbres Vol Yveltal
71%
644 Dragon Électrik Zekrom
71%
718 Dragon Sol Zygarde
71%
493 Normal (Tout) Arceus
64%
890 Poison Dragon Éthernatos
64%
642 Électrik Vol Fulguris
64%
782 Psy Spectre Lunala
64%
379 Acier Registeel
64%
781 Psy Acier Solgaleo
64%
786 Psy Fée Tokopiyon
64%
785 Électrik Fée Tokorico
64%
494 Psy Feu Victini
64%
888 Fée (Acier) Zacian
64%
889 Combat (Acier) Zamazenta
64%
797 Acier Vol Bamboiselle
57%
789 Psy Cosmog
57%
790 Psy Cosmovum
57%
491 Ténèbres Darkrai
57%
386 Psy Deoxys
57%
799 Ténèbres Dragon Engloutyran
57%
649 Insecte Acier Genesect
57%
720 Psy (Spectre-Ténèbres) Hoopa
57%
798 Plante Acier Katagami
57%
490 Eau Manaphy
57%
800 Psy Necrozma
57%
773 Normal (Tout) Silvallié
57%
788 Eau Fée Tokopisco
57%
787 Plante Fée Tokotoro
57%
772 Normal Type:0
57%
721 Feu Eau Volcanion
57%
905 Fée Vol Amovénus
50%
1002 Ténèbres Glace Baojian
50%
896 Glace Blizzeval
50%
796 Électrik Câblifère
50%
795 Insecte Combat Cancrelove
50%
719 Roche Fée Diancie
50%
1003 Ténèbres Sol Dinglu
50%
1016 Poison Fée Favianos
50%
1015 Poison Fée Fortusimia
50%
1007 Combat Dragon Koraidon
50%
801 Acier Psy Magearna
50%
802 Combat Spectre Marshadow
50%
1008 Électrik Dragon Miraidon
50%
794 Insecte Combat Mouscoto
50%
1017 Plante (Eau-Feu-Roche) Ogerpon
50%
489 Eau Phione
50%
806 Feu Spectre Pierroteknik
50%
895 Dragon Regidrago
50%
894 Électrik Regieleki
50%
892 Combat (Ténèbres-Eau) Shifours
50%
897 Spectre Spectreval
50%
891 Combat Wushours
50%
1004 Ténèbres Feu Yuyu
50%
807 Électrik Zeraora
50%
793 Roche Poison Zéroïd
50%
805 Roche Acier Ama-Ama
43%
1001 Ténèbres Plante Chongjian
43%
149 Dragon Vol Dracolosse
43%
784 Dragon Combat Ékaïser
43%
1014 Poison Combat Félicanis
43%
987 Spectre Fée Flotte-Mèche
43%
984 Sol Combat Fort-ivoire
43%
385 Acier Psy Jirachi
43%
647 Eau Combat Keldeo
43%
804 Poison Dragon Mandrillon
43%
809 Acier Melmetal
43%
648 Normal (Psy-Combat) Meloetta
43%
808 Acier Meltan
43%
1025 Poison Spectre Péchaminus
43%
989 Électrik Sol Pelage-Sablé
43%
898 Psy Plante Sylveroy
43%
803 Poison Vémini
43%
445 Dragon Sol Carchacrok
36%
373 Dragon Vol Drattak
36%
1020 Feu Dragon Feu-Perçant
36%
1006 Fée Combat Garde-de-Fer
36%
998 Dragon Glace Glaivodo
36%
991 Glace Eau Hotte-de-Fer
36%
985 Fée Psy Hurle-Queue
36%
1021 Électrik Dragon Ire-Foudre
36%
887 Dragon Spectre Lanssorien
36%
994 Feu Poison Mite-de-Fer
36%
706 Dragon (Acier) Muplodocus
36%
992 Combat Électrik Paume-de-Fer
36%
988 Insecte Combat Rampe-Ailes
36%
1022 Roche Psy Roc-de-Fer
36%
990 Sol Acier Roue-de-Fer
36%
1009 Eau Dragon Serpente-Eau
36%
1024 Normal Terapagos
36%
635 Ténèbres Dragon Trioxhydre
36%
1010 Plante Psy Vert-de-Fer
36%
893 Ténèbres Plante Zarude
36%
376 Acier Psy Métalosse
29%
1005 Dragon Ténèbres Rugit-Lune
29%
993 Ténèbres Vol Têtes-de-Fer
29%
1023 Acier Psy Chef-de-Fer
21%
995 Roche Électrik Épine-de-Fer
21%
986 Plante Ténèbres Fongus-Furis
14%
248 Roche Ténèbres Tyranocif
14%
Aucun quiz correspondant
Distribution des résultats
% des personnes avec chaque résultat
Percentile par nombre de réponses
Votre historique - résultats
Vous n’avez pas pris ce quiz